[Event "BL2-Sued 1516"]
[Site "Germany"]
[Date "2015.12.13"]
[Round "4.8"]
[White "Sieglen, Joachim"]
[Black "Kopp, Bjoern"]
[Result "1-0"]
[WhiteElo "2244"]
[BlackElo "2138"]
[PlyCount "107"]
[EventDate "2015.09.20"]
[EventType "team-tourn"]
[EventRounds "9"]
[EventCountry "GER"]
[SourceTitle "EXT 2017"]
[Source "ChessBase"]
[SourceDate "2016.10.25"]
[SourceVersion "1"]
[SourceVersionDate "2016.10.25"]
[SourceQuality "1"]
[WhiteTeam "Untergrombach"]
[BlackTeam "Landau"]
[WhiteTeamCountry "GER"]
[BlackTeamCountry "GER"]

1. d4 Nf6 2. c4 c5 3. d5 e6 4. Nc3 exd5 5. cxd5 Bd6 6. Nf3 Bc7 7. g3 d6 8. Bg2 a6 9. 0-0 0-0 10. Nd2 Nbd7 11. a4 Rb8 12. Nde4 Nxe4 13. Nxe4 Ne5 14. Bd2 b5 15. axb5 axb5 16. Bc3 Ng6 17. b4 f5 18. Nd2 f4 19. Ra7 Bd7 20. Ne4 Bb6 21. Ra2 Bf5 22. Rb2 Qe7 23. bxc5 Bxe4 24. cxb6 Bxg2 25. Kxg2 fxg3 26. hxg3 Rxb6 27. Qd4 Rb7 28. Qg4 Qf7 29. Qe6 Rc8 30. Qxf7+ Kxf7 31. Rc1 Rcb8 32. Bb4 Ke7 33. Ra1 Ne5 34. Rba2 Nc4 35. Ra7 Kf6 36. R7a2 g5 37. e4 Re8 38. f3 g4 39. Ra8 gxf3+ 40. Kxf3 Rbe7 41. Rxe8 Rxe8 42. Rh1 Kg6 43. Ra1 Rf8+ 44. Ke2 Re8 45. Kd3 Ne5+ 46. Ke3 Ng4+ 47. Kd4 Nf6 48. Re1 Rd8 49. e5 dxe5+ 50. Rxe5 Nxd5 51. Rxd5 Rxd5+ 52. Kxd5 Kf5 53. Be7 b4 54. Kc4 1-0

[Event "Oberliga Sued W 1112"]
[Site "Germany"]
[Date "2012.03.18"]
[Round "8"]
[White "Schlick, Volker"]
[Black "Kopp, Bjoern"]
[Result "1-0"]
[WhiteElo "2304"]
[BlackElo "2142"]
[PlyCount "113"]
[EventDate "2011.09.25"]
[EventType "team-tourn"]
[EventRounds "9"]
[EventCountry "GER"]
[SourceTitle "EXT 2013"]
[Source "ChessBase"]
[SourceDate "2012.11.22"]
[SourceVersion "1"]
[SourceVersionDate "2012.11.22"]
[SourceQuality "1"]
[WhiteTeam "Koblenz"]
[BlackTeam "Landau"]
[WhiteTeamCountry "GER"]
[BlackTeamCountry "GER"]

1. e4 e5 2. Nf3 Nc6 3. Bb5 f5 4. d3 fxe4 5. dxe4 Nf6 6. Qe2 Bb4+ 7. Nbd2 Qe7 8. c3 Bc5 9. b4 Bd6 10. Nf1 Nd8 11. Ne3 c6 12. Nf5 Qf8 13. Nxd6+ Qxd6 14. Bc4 Qe7 15. a4 d6 16. 0-0 Bg4 17. Qd3 Ne6 18. Ng5 h6 19. Nxe6 Bxe6 20. Bxe6 Qxe6 21. c4 0-0 22. b5 Rad8 23. bxc6 bxc6 24. Rb1 Rd7 25. a5 Rfd8 26. Bb2 d5 27. cxd5 cxd5 28. exd5 Qxd5 29. Qf5 Qxa5 30. Bxe5 Qd5 31. f4 Ne4 32. Rbc1 Qd3 33. Rce1 Nd2 34. Qe6+ Kh7 35. Rf2 Qg6 36. Qa2 Nf3+ 37. Rxf3 Rd2 38. Qxd2 Rxd2 39. Rg3 Qb6+ 40. Kh1 Rd7 41. Ra1 a5 42. h3 Qf2 43. Kh2 Qd2 44. Ra4 g6 45. Bc3 Qc1 46. Rc4 Qb1 47. Rc8 Rg7 48. Bxg7 Kxg7 49. Rc7+ Kf6 50. Rc6+ Kf7 51. Rc7+ Kf6 52. Rgc3 Qb4 53. R3c4 Qd2 54. R7c6+ Kf7 55. Ra6 Qd5 56. Rc7+ Kf8 57. Raa7 1-0

[Event "Oberliga Sued W 1011"]
[Site "Germany"]
[Date "2011.02.27"]
[Round "7.5"]
[White "Kopp, Bjoern"]
[Black "Sahm, Philipp"]
[Result "1-0"]
[WhiteElo "2109"]
[BlackElo "1928"]
[PlyCount "47"]
[EventDate "2010.10.10"]
[EventType "team-tourn"]
[EventRounds "9"]
[EventCountry "GER"]
[SourceTitle "EXT 2012"]
[Source "ChessBase"]
[SourceDate "2011.11.24"]
[SourceVersion "1"]
[SourceVersionDate "2011.11.24"]
[SourceQuality "1"]
[WhiteTeam "Landau"]
[BlackTeam "Winterbach Turm"]
[WhiteTeamCountry "GER"]
[BlackTeamCountry "GER"]

1. e4 c5 2. Nc3 g6 3. f4 Bg7 4. Nf3 d6 5. Bb5+ Bd7 6. Bc4 Nc6 7. 0-0 e6 8. d3 a6 9. a4 Rb8 10. f5 gxf5 11. exf5 exf5 12. Re1+ Nge7 13. Ng5 Ne5 14. Qh5 N7g6 15. Nxf7 Qe7 16. Bg5 Qf8 17. Nxh8 Qxh8 18. Nd5 Kf8 19. Bb3 h6 20. Bd2 f4 21. Nxf4 Nxf4 22. Bxf4 Bg4 23. Bxe5 Bxh5 24. Bxd6# 1-0

[Event "Oberliga Sued W 1011"]
[Site "Germany"]
[Date "2010.10.10"]
[Round "1.5"]
[White "Gypser, Andreas"]
[Black "Kopp, Bjoern"]
[Result "1/2-1/2"]
[WhiteElo "2127"]
[BlackElo "2109"]
[PlyCount "26"]
[EventDate "2010.10.10"]
[EventType "team-tourn"]
[EventRounds "9"]
[EventCountry "GER"]
[SourceTitle "EXT 2012"]
[Source "ChessBase"]
[SourceDate "2011.11.24"]
[SourceVersion "1"]
[SourceVersionDate "2011.11.24"]
[SourceQuality "1"]
[WhiteTeam "Ludwigshafen"]
[BlackTeam "Landau"]
[WhiteTeamCountry "GER"]
[BlackTeamCountry "GER"]

1. e4 e5 2. Nf3 Nc6 3. Bb5 a6 4. Bxc6 dxc6 5. 0-0 Ne7 6. Nxe5 Qd4 7. Qh5 g6 8. Qg5 Bg7 9. Nf3 Qxe4 10. Re1 Qb4 11. c3 Qd6 12. d4 h6 13. Qe3 Be6 1/2-1/2

[Event "Oberliga Sued W 0910"]
[Site "Germany"]
[Date "2010.01.24"]
[Round "5.5"]
[White "Kopp, Bjoern"]
[Black "Kessler, Joerg"]
[Result "1-0"]
[WhiteElo "1683"]
[BlackElo "1847"]
[PlyCount "29"]
[EventDate "2009.10.18"]
[EventType "team-tourn"]
[EventRounds "9"]
[EventCountry "GER"]
[SourceTitle "EXT 2011"]
[Source "ChessBase"]
[SourceDate "2010.11.26"]
[SourceVersion "1"]
[SourceVersionDate "2010.11.26"]
[SourceQuality "1"]
[WhiteTeam "Schwarzenbach"]
[BlackTeam "Wadgassen/Differten"]
[WhiteTeamCountry "GER"]
[BlackTeamCountry "GER"]

1. e4 g6 2. Nc3 Bg7 3. d4 d6 4. f4 Nf6 5. Nf3 0-0 6. e5 dxe5 7. fxe5 Nd5 8. Bc4 e6 9. Ne4 b6 10. 0-0 Bb7 11. Bg5 Qd7 12. Qd2 Ba6 13. Bxd5 exd5 14. Nf6+ Bxf6 15. Bxf6 1-0

[Event "RLP-ch MTB 26th"]
[Site "Ludwigshafen"]
[Date "2007.07.22"]
[Round "7"]
[White "Kopp, Bjoern"]
[Black "Dushatskiy, Fedor"]
[Result "0-1"]
[WhiteElo "1683"]
[BlackElo "2199"]
[PlyCount "42"]
[EventDate "2007.07.13"]
[EventType "swiss"]
[EventRounds "7"]
[EventCountry "GER"]
[SourceTitle "EXT 2009"]
[Source "ChessBase"]
[SourceDate "2008.11.26"]
[SourceVersion "1"]
[SourceVersionDate "2008.11.26"]
[SourceQuality "1"]
[WhiteTeam "Schwarzenbach"]
[WhiteTeamCountry "GER"]

1. e4 e5 2. f4 exf4 3. Nf3 d6 4. Bc4 h6 5. d3 g5 6. g3 Bg7 7. c3 Nc6 8. Qb3 Qf6 9. gxf4 gxf4 10. Na3 Nge7 11. Nb5 0-0 12. Nxc7 Bg4 13. Rf1 Rac8 14. Nd5 Nxd5 15. Bxd5 Bxf3 16. Rxf3 Ne5 17. Qd1 Nxf3+ 18. Qxf3 Rxc3 19. Rb1 Rc2 20. Qxf4 Qd4 21. Qe3 Rxh2 0-1

[Event "Oberliga Sued W 0607"]
[Site "Germany"]
[Date "2007.03.18"]
[Round "8.8"]
[White "Scheske, Andreas"]
[Black "Kopp, Bjoern"]
[Result "1-0"]
[WhiteElo "2061"]
[BlackElo "1683"]
[PlyCount "57"]
[EventDate "2006.10.15"]
[EventType "team-tourn"]
[EventRounds "9"]
[EventCountry "GER"]
[SourceTitle "EXT 2009"]
[Source "ChessBase"]
[SourceDate "2008.11.26"]
[SourceVersion "1"]
[SourceVersionDate "2008.11.26"]
[SourceQuality "1"]
[WhiteTeam "Ludwigshafen"]
[BlackTeam "Schwarzenbach"]
[WhiteTeamCountry "GER"]
[BlackTeamCountry "GER"]

1. e4 c5 2. Nf3 d6 3. Bb5+ Bd7 4. Bxd7+ Qxd7 5. 0-0 Nc6 6. c4 e5 7. Nc3 g6 8. Nd5 Bg7 9. d3 Nge7 10. Bg5 Nxd5 11. cxd5 Ne7 12. Qd2 h6 13. Bxe7 Qxe7 14. b4 b6 15. bxc5 bxc5 16. Qa5 0-0 17. Nd2 f5 18. Nc4 g5 19. Qa6 Rad8 20. Rab1 Rd7 21. Ne3 f4 22. Nf5 Rxf5 23. exf5 f3 24. Rb8+ Bf8 25. Qc8 Qf7 26. g4 h5 27. h3 hxg4 28. hxg4 Rc7 29. Qe6 1-0

[Event "Oberliga Sued W 0506"]
[Site "Germany"]
[Date "2006.03.12"]
[Round "8.7"]
[White "Sattel, Dominique"]
[Black "Kopp, Bjoern"]
[Result "0-1"]
[WhiteElo "2019"]
[BlackElo "1683"]
[PlyCount "68"]
[EventDate "2005.10.23"]
[EventType "team-tourn"]
[EventRounds "9"]
[EventCountry "GER"]
[SourceTitle "EXT 2007"]
[Source "ChessBase"]
[SourceDate "2006.11.23"]
[SourceVersion "1"]
[SourceVersionDate "2006.11.23"]
[SourceQuality "1"]
[WhiteTeam "Ludwigshafen"]
[BlackTeam "Landau"]
[WhiteTeamCountry "GER"]
[BlackTeamCountry "GER"]

1. e4 e5 2. Nc3 Nf6 3. Bc4 Nc6 4. a3 Nxe4 5. Nxe4 d5 6. Bd3 dxe4 7. Bxe4 Bd7 8. d3 f5 9. Bd5 Qf6 10. Nf3 h6 11. Rb1 0-0-0 12. 0-0 Ne7 13. Ba2 e4 14. Ne1 Bb5 15. c4 Bc6 16. b4 exd3 17. Rb3 Ba4 18. Nxd3 Nc6 19. Bb2 Qf7 20. Qb1 Bxb3 21. Bxb3 Be7 22. Re1 Bf6 23. Nc5 Bxb2 24. Qxb2 Rhe8 25. Rf1 b6 26. Na6 Kb7 27. c5 Qe7 28. b5 Nd4 29. c6+ Kc8 30. Bd1 Qe5 31. Qc1 Ne2+ 32. Bxe2 Qxe2 33. Qf4 Qxf1+ 34. Kxf1 Rd1# 0-1

[Event "SJRP-ch U14"]
[Site "Germany"]
[Date "2002.04.06"]
[Round "7"]
[White "Armbrust, Florian"]
[Black "Kopp, Bjoern"]
[Result "1-0"]
[WhiteElo "1768"]
[BlackElo "1683"]
[PlyCount "41"]
[EventDate "2002.04.02"]
[EventType "swiss"]
[EventRounds "7"]
[EventCountry "GER"]
[SourceTitle "EXT 2003"]
[Source "ChessBase"]
[SourceDate "2002.11.25"]
[SourceVersion "1"]
[SourceVersionDate "2002.11.25"]
[SourceQuality "1"]
[BlackTeam "Schwarzenbach"]
[BlackTeamCountry "GER"]

1. e4 e5 2. f4 d5 3. exd5 e4 4. d3 Nf6 5. Nd2 Qxd5 6. dxe4 Nxe4 7. Bc4 Qc6 8. Qe2 Qb6 9. Nxe4 Be7 10. Nf3 Bf5 11. Ng3 Be6 12. Bxe6 Qxe6 13. Qxe6 fxe6 14. Ne4 h6 15. Bd2 Nc6 16. 0-0-0 0-0-0 17. Bc3 Rhf8 18. Rxd8+ Nxd8 19. Ne5 b6 20. Rd1 a5 21. Rd3 1-0

[Event "SJRP-ch U14"]
[Site "Germany"]
[Date "2002.04.03"]
[Round "3"]
[White "Kopp, Bjoern"]
[Black "Fragin, Ilja"]
[Result "1-0"]
[WhiteElo "1683"]
[BlackElo "1483"]
[PlyCount "97"]
[EventDate "2002.04.02"]
[EventType "swiss"]
[EventRounds "7"]
[EventCountry "GER"]
[SourceTitle "EXT 2003"]
[Source "ChessBase"]
[SourceDate "2002.11.25"]
[SourceVersion "1"]
[SourceVersionDate "2002.11.25"]
[SourceQuality "1"]
[WhiteTeam "Schwarzenbach"]
[WhiteTeamCountry "GER"]

1. e4 e6 2. d3 d5 3. Nd2 dxe4 4. dxe4 Nf6 5. Ngf3 b6 6. Bd3 Bb7 7. 0-0 Bc5 8. h3 Nc6 9. Re1 Qd7 10. Nc4 0-0-0 11. Bg5 h6 12. Bh4 g5 13. Bg3 Ne8 14. Nce5 Nxe5 15. Nxe5 Qe7 16. Qe2 Bd6 17. Ba6 Bxe5 18. Bxb7+ Kxb7 19. Bxe5 f6 20. Bc3 c6 21. a4 h5 22. a5 b5 23. Qe3 h4 24. a6+ Ka8 25. Bd4 Rd7 26. b3 Qg7 27. f3 Qh6 28. c4 g4 29. fxg4 Qxe3+ 30. Bxe3 bxc4 31. bxc4 Nd6 32. Rad1 Rhd8 33. Bf2 Nxc4 34. Rxd7 Rxd7 35. Bxh4 Rf7 36. Rc1 Ne5 37. Rf1 Nd7 38. Rc1 Ne5 39. Bg3 Rc7 40. Bxe5 fxe5 41. Rc5 Kb8 42. g5 Re7 43. Rxc6 Rg7 44. h4 Rg6 45. Kh2 Rg7 46. Kh3 Rg6 47. Kg4 Rg7 48. h5 Rf7 49. g3 1-0